000 01154cam a2200385 i 4500
001 0000443
003 DO-SdBPM
005 20250801112454.0
007 ta
008 100514s1996 sp | |||| 000 f spa
015 _a
017 _a
_b
020 _a8420428590
035 _a
040 _aDO-SdBPM
_bspa
_cBPMSU
_e rda
080 _a
082 4 _a814.36
_bS699c 1996
_222
100 1 _aSontag, Susan
_d1933-
_eautor
245 1 0 _aContra la interpretación /
_cSusan Sontag ; traducción Horacio Vásquez Rial
250 _a2a. ed.
260 _b
264 _aMadrid :
_bAlfaguara,
_c1996.
300 _a390 páginas .:
_c22 cm
336 _atexto
_btxt
_2rdacontent
337 _asin mediación
_bn
_2rdamedia
338 _avolumen
_bnc
_2rdacarrier
490 0 _aTextos de escritos
500 _aIncluye datos biográficos de la autora en la solapa de la portada.
534 _pTítulo original. :
_tAgainst interpretation.
590 _aInventariado, 2025/VM
650 7 _aEnsayos estadounidenses.
700 1 _aVásquez Rial, Horacio
_etraductor
910 _aVMateo V. Control de calidad. BPMSU
942 _2ddc
_cBK
999 _c10564
_d10564